US States with the Most Community Colleges - Statistics

General Stats
  • This quiz has been taken 25 times
  • The average score is 9 of 10
Answer Stats
# State % Correct
116 California
100%
28 Florida
100%
36 New York
100%
65 Texas
100%
28 Michigan
86%
50 Illinois
81%
58 North Carolina
81%
34 Washington
76%
28 Wisconsin
76%
34 Minnesota
71%
No matching quizzes found
Score Distribution
Percent of People with Each Score
Percentile by Number Answered
Your Score History
You have not taken this quiz